000
00225nam a22000857a 4500
008
170616b xxu||||| |||| 00| 0 eng d
100
_9
3430
_a
Goyal Brothers
245
_a
Social studies class - 4
260
_a
New Delhi
_b
G. B. P
_c
2010
999
_c
6798
_d
6798